Die Größten Städte Kanadas - Statistiken

Allgemein
  • Dieses Quiz wurde 57 mal gespielt
  • Das Durchschnittsergebnis liegt bei 10 aus 20
Antwortstatistiken
Einwohnerzahl Stadt % Korrekt
5.650.000 Toronto
100%
1.070.000 Ottawa
98%
2.420.000 Vancouver
98%
3.680.000 Montreal
87%
1.150.000 Edmonton
83%
1.310.000 Calgary
74%
730.000 Quebec-Stadt
70%
760.000 Winnipeg
64%
350.000 Halifax
58%
420.000 London
40%
730.000 Hamilton
32%
260.000 Saskatoon
30%
220.000 Regina
28%
360.000 Victoria
28%
190.000 St. John‘s
26%
310.000 Windsor
23%
520.000 Kitchener
21%
240.000 St. Catharines
6%
180.000 Kelowna
4%
340.000 Oshawa
4%
Keine übereinstimmenden Quizze gefunden
Verteilung der Resultate
Anzahl Personen mit jedem Resultat
Perzentil nach korrekt beantworteten Fragen
Ihre Resultats-Entwicklung
Sie haben dieses Quiz noch nicht gespielt